| Tag |
First Indicator |
Second Indicator |
Subfields |
| LEADER |
00000cam a2200000 a 4500 |
| 001 |
in00000089286 |
| 005 |
20151008063356.0 |
| 008 |
761220s1975 txua s00010 eng d |
| 035 |
|
|
|a (OCoLC)02634808
|
| 035 |
|
|
|9 AAK2112AM
|
| 040 |
|
|
|a IKM
|c IKM
|d TXA
|d UtOrBLW
|
| 043 |
|
|
|a n-us-tx
|
| 049 |
|
|
|a TXAM
|c [1406967]
|
| 090 |
|
|
|a TK1193.U5
|b H3
|
| 100 |
1 |
|
|a Hartwig, William H.
|
| 245 |
1 |
0 |
|a Assessment of the instrumentation system of Decker Creek Unit 1, [of the] Electric Utility Department, City of Austin, [Texas] /
|c from William H. Hartwig, John W. Lamont.
|
| 264 |
|
1 |
|a Austin, Tex. :
|b Center for Energy Studies and Dept. of Electrical Engineering, University of Texas at Austin,
|c 1975.
|
| 300 |
|
|
|a vii, 232 pages in various pagings :
|b illustrations ;
|c 28 cm.
|
| 336 |
|
|
|a text
|b txt
|2 rdacontent
|
| 337 |
|
|
|a unmediated
|b n
|2 rdamedia
|
| 338 |
|
|
|a volume
|b nc
|2 rdacarrier
|
| 610 |
2 |
0 |
|a Decker Creek Power Plant (Austin, Tex.)
|
| 650 |
|
0 |
|a Electric power-plants
|z Texas
|z Austin
|x Fuel consumption.
|
| 700 |
1 |
|
|a Lamont, John William.
|
| 710 |
2 |
|
|a University of Texas at Austin.
|b Center for Energy Studies.
|
| 999 |
|
|
|a MARS
|
| 999 |
f |
f |
|s fcaea8f3-63f9-389c-916b-d796c0f0c874
|i e41e5f09-9989-3044-8815-b28e7029478e
|t 0
|
| 952 |
f |
f |
|p ric
|a Texas A&M University
|b Rellis Campus
|c Joint Library Facility
|d Remote Storage
|t 0
|e TK1193.U5 H3
|h Library of Congress classification
|i unmediated -- volume
|m A14806250668
|
| 998 |
f |
f |
|a TK1193.U5 H3
|t 0
|l Remote Storage
|